000 00458pab a2200157 454500
008 180718b2001 xxu||||| |||| 00| 0 eng d
100 _aSayeed, Omer Bin
245 _aOrganisational priorities and management role effectiveness in a high reliability organisation
260 _c2001
300 _ap.231-47
362 _aOct
650 _aOrganizations
700 _aJain, Ravindra K.
773 _aIndian Journal of Industrial Relations
909 _a51546
999 _c51546
_d51546